Procedimiento de trabajo para reacondicionamiento de generadores eléctricos enfriados por aire con voltaje superior o igual a 4160 v

Uloženo v:
Podrobná bibliografie
Hlavní autor: Guzmán Barquero, Francisco
Další autoři: Conejo Badilla, José Antonio
Médium: Kniha
Vydáno: [San José , Costa Rica] 1995
Témata:
Tagy: Přidat tag
Žádné tagy, Buďte první, kdo vytvoří štítek k tomuto záznamu!

MARC

LEADER 00000nam a2200000Ia 4500
003 007778
005 20221231144251.0
008 140114s1995 cr a m 000 ||s d
040 |c cru CEDI 
090 |a TFG 3352 
100 |a Guzmán Barquero, Francisco  |9 10603 
245 |a Procedimiento de trabajo para reacondicionamiento de generadores eléctricos enfriados por aire con voltaje superior o igual a 4160 v 
260 |c 1995  |a [San José , Costa Rica] 
300 |a viii, 273 hojas : ilustraciones  
500 |a Proyecto de graduación (licenciatura en ingeniería eléctrica)--Universidad de Costa Rica. Facultad de Ingeniería. Escuela de Ingeniería Eléctrica 
650 |x DINAMOS   |x TRANSPORTE - MANTENIMIENTO Y REPARACION  |9 9707 
700 |9 10604  |a Conejo Badilla, José Antonio 
942 |c TFG 
999 |c 19330  |d 19330